Taller de prc̀ticas fiscales ISR • IETU • IVA • IDE IMSS • INFONAVIT

Detalles Bibliográficos
Autor principal: Přez Chavez, Još
Otros Autores: Campero Guerrero, Eladio
Formato: eBook
Lenguaje:español
Publicado: [Mx̌ico] : Tax Editores, 2011.
Materias:
Acceso en línea:Acceso restringido

MARC

LEADER 00000nam a22000007a 4500
005 2011090500160.0
008 110905t2011 mx ||||s|||| 001 0 spa d
020 |a 978-607-440-205-6 
035 |a 5665 
040 |a vLex 
090 |c 2373  |d 2373 
100 1 |a Přez Chavez, Još 
245 1 0 |a Taller de prc̀ticas fiscales  |h [Recurso electrn̤ico] :  |b ISR • IETU • IVA • IDE IMSS • INFONAVIT   |c Jos ̌Přez Chavez; Eladio Campero Guerrero 
256 |a Servicio en ln̕ea. 
260 |a [Mx̌ico] :  |b Tax Editores,  |c 2011. 
300 |a 1 recurso electrn̤ico 
500 |a Mediante la lectura de esta obra, los lectores estarǹ en posibilidad de entender y aplicar de inmediato las disposiciones fiscales que contienen nuestros principales ordenamientos tributarios federales, como son las Leyes de los Impuestos sobre la Renta, Empresarial a Tasa Unica, al Valor Agregado, a los Deps̤itos en Efectivo, cuotas obrero-patronales al IMSS, aportaciones al INFONAVIT, Cd̤igo Fiscal de la Federacin̤, as ̕como la Resolucin̤ Miscelǹea Fiscal.  
506 1 |a Contenido solo disponible en los productos indicados  |d vLex Global  |d vLex Global (Academic Edition, excluding Law Schools)  |d vLex Global (U.S. Academic Edition, Law Schools)  |d vLex Global (U.S. Academic Edition, excluding Law Schools)  |d vLex Global (Academic Edition, Law Schools) 
650 0 4 |a Derecho fiscal  |z Mx̌ico 
700 1 |a Campero Guerrero, Eladio 
740 0 |a vLex Libros (Servicio en ln̕ea) 
856 4 0 |u http://vlex.com/source/taller-de-practicas-fiscales-5665  |z Acceso restringido 
942 |c BOOK